000 00514nam a2200193Ia 4500
005 20250508162943.0
008 008 250505s9999 xx 000 0 hin d
037 _aTextual
040 _aFEDL
_beng
_cFEDL
041 _ahin
_2eng
084 _a100p., RAJ
_qFEDL
100 _aRajendra Prasad
245 0 _aDrashanshastra ki ruprekha
260 _aPatna, India
_bShukla Book Depot
_c1993
300 _a284p.
650 _aPhilosophy
942 _cTEXL
_h100p., RAJ
999 _c1379615
_d1379615